Deutschrapper Namen #3 - Statistiken

Allgemein
  • Dieses Quiz wurde 136 mal gespielt
  • Das Durchschnittsergebnis liegt bei 4 aus 16
Antwortstatistiken
Bürgerlicher Name Künstlername % Korrekt
Maxwell Kwabena Schaden Maxwell
88%
Olexij Kosarev Olexesh
70%
Vladislav Balovatsky Capital Bra / Joker Bra
69%
Aykut Anhan Haftbefehl
52%
Patrick Losensky Fler
34%
Marten Laciny Marteria / Marsimoto
30%
Abderrahim el Ommali Abdi
19%
Elif Akar Ayliva
17%
Christoph Alex Favorite
14%
Marvin Trotzinski Marvin Game
10%
Katharina Löwel Kitty Kat
9%
Wasiem Taha Massiv
9%
Stefan Richter Trettmann
7%
Sascha Reimann Ferris MC
3%
Alan Julian Asare-Tawiah Ahzumjot
2%
Raphael Endraß ERRdeKa
2%
Keine übereinstimmenden Quizze gefunden
Verteilung der Resultate
Anzahl Personen mit jedem Resultat
Perzentil nach korrekt beantworteten Fragen
Ihre Resultats-Entwicklung
Sie haben dieses Quiz noch nicht gespielt